00680cam a2200217 a 45000010005000000030009000050050017000140080041000310200015000720400028000870820018001151000022001332450093001552500012002482600035002603000046002955040041003416500036003826500024004187000020004421953BD-DhUAP20201227141426.0201227s1986 nyua b 001 0 eng  a0023608404 aDLCcDLCdBD-DhUAPbeng00a658.5 JOH2231 aJohnson, James C.10aContemporary physical distribution and logistics /cJames C. Johnson and Donald F. Wood. a3rd ed. aNew York :bMacmillan,cc1986. axix, 648 pages :billustrations ;c26 cm. aIncludes bibliographies and indexes. 0aPhysical distribution of goods. 0aBusiness logistics.1 aWood, Donald F.